| 000 | 01191nam a22002777i 4500 | ||
|---|---|---|---|
| 003 | EG-ScBUE | ||
| 005 | 20231121104839.0 | ||
| 008 | 110912s1995 ua f b 000 0 ara d | ||
| 017 | _a94 / 11811 | ||
| 020 | _a977257215X | ||
| 040 |
_aEG-ScBUE _bara _erda _cEG-ScBUE _dEG-ScBUE |
||
| 043 | _af-ua--- | ||
| 082 | 0 | 4 |
_222 _bق ر م _a962.024 |
| 100 | 1 |
_927144 _aقرموط، عبد الرازق الطنطاوي، _eمؤلف. |
|
| 245 | 1 | 2 |
_aالعلاقات المصرية العثمانية 1382-1517م / 784-923 ه / _cالدكتور عبد الرازق الطنطاوي القرموط، رئيس قسم التاريخ والحضارة، جامعة الأزهر بأسيوط. |
| 250 | _aالطبعة الأولى. | ||
| 264 | 1 |
_aالقاهرة : _bالزهراء للإعلام العربي، _c1995. |
|
| 300 |
_a299 صفحة ؛ _c24 سم |
||
| 336 |
_2rdacontent _aنص _btxt |
||
| 337 |
_aبدون وسيط _2rdamedia _bn |
||
| 338 |
_aمجلد _bnc _2rdacarrier |
||
| 504 | _aيشتمل على إرجاعات ببليوجرافية وكشاف. | ||
| 651 | 7 |
_2BUEsh _aمصر _xتاريخ _yعصر المماليك (1250-1517 م.). |
|
| 655 | _vReading book | ||
| 942 |
_2ddc _cBB |
||
| 999 |
_c16007 _d16007 |
||